㞎㞎 / (Record no. 10100)
[ view plain ]
| 000 -LEADER | |
|---|---|
| fixed length control field | 00999nam a22001817a 4500 |
| 001 - CONTROL NUMBER | |
| control field | 10100 |
| 003 - CONTROL NUMBER IDENTIFIER | |
| control field | FISKH |
| 005 - DATE AND TIME OF LATEST TRANSACTION | |
| control field | 20260408104458.0 |
| 008 - FIXED-LENGTH DATA ELEMENTS--GENERAL INFORMATION | |
| fixed length control field | 260408b cb ||||| |||| 00| 0 eng d |
| 020 ## - INTERNATIONAL STANDARD BOOK NUMBER | |
| International Standard Book Number | 9787511046604 |
| 040 ## - CATALOGING SOURCE | |
| Original cataloging agency | FISKH |
| Language of cataloging | chi |
| Transcribing agency | FISKH |
| Modifying agency | FISKH |
| 100 ## - MAIN ENTRY--PERSONAL NAME | |
| Personal name | 宫西达也 |
| 245 ## - TITLE STATEMENT | |
| Title | 㞎㞎 / |
| Statement of responsibility, etc. | By 宫西达也 |
| 300 ## - PHYSICAL DESCRIPTION | |
| Extent | 24 unnumbered pages : |
| Other physical details | color illustrations ; |
| Dimensions | 22 cm . |
| 520 ## - SUMMARY, ETC. | |
| Summary, etc. | 《㞎㞎》是日本著名绘本大师宫西达也创作的一本低幼认知图画书,专为幼儿设计。书中通过简单直白的文字和风趣活泼的插图介绍不同动物的**“㞎㞎” (儿童用语表示便便/屎粑粑)**——有长长的、圆圆的、大大的、小小的,还有混合着尿的。<br/><br/>通过对各种动物粪便形状和表现的幽默描绘,孩子不仅能够认识动物,还可培养对形状、体型等认知能力,同时在轻松有趣的阅读中学会良好的生活习惯。 |
| 942 ## - ADDED ENTRY ELEMENTS (KOHA) | |
| Source of classification or shelving scheme | Dewey Decimal Classification |
| Koha item type | Chinese Book |
| Suppress in OPAC | No |
| Withdrawn status | Lost status | Source of classification or shelving scheme | Damaged status | Not for loan | Collection | Home library | Current library | Shelving location | Date acquired | Total Checkouts | Full call number | Barcode | Date last seen | Price effective from | Koha item type |
|---|---|---|---|---|---|---|---|---|---|---|---|---|---|---|---|
| Dewey Decimal Classification | Reference | Footprints International School Library Network Toul Tom Poung Campus | Footprints International School Library Network Toul Tom Poung Campus | Librarian's Shelf TTP | 04/08/2026 | 宫西达也 | 2026-0472 | 04/08/2026 | 04/08/2026 | Chinese Book |
